<?xml version="1.0" encoding="UTF-8"?>
<marc:record xmlns:marc="http://www.loc.gov/MARC21/slim">
   <marc:leader>00000nam a2200000 a 4500</marc:leader>
   <marc:datafield ind1="1" ind2=" " tag="100">
      <marc:subfield code="a">Borgwardt, Diana</marc:subfield>
   </marc:datafield>
   <marc:datafield ind1="1" ind2=" " tag="100">
      <marc:subfield code="a">Borner, Erik</marc:subfield>
   </marc:datafield>
   <marc:datafield ind1="1" ind2=" " tag="100">
      <marc:subfield code="a">Disney, Walt</marc:subfield>
   </marc:datafield>
   <marc:datafield ind1="0" ind2="0" tag="245">
      <marc:subfield code="a">Minnie - Helfen macht Spaß</marc:subfield>
   </marc:datafield>
   <marc:datafield ind1="0" ind2="0" tag="245">
      <marc:subfield code="b">Hörspiel</marc:subfield>
   </marc:datafield>
   <marc:datafield ind1="0" ind2="0" tag="245">
      <marc:subfield code="c">Regie: Dieter Koch und Tobias Jakob ; Sprecher: Erik Borner, Diana Borgwardt [und 10 weitere]</marc:subfield>
   </marc:datafield>
   <marc:datafield ind1=" " ind2="1" tag="264">
      <marc:subfield code="a">Düsseldorf</marc:subfield>
      <marc:subfield code="b">Boxine GmbH</marc:subfield>
      <marc:subfield code="c">2022</marc:subfield>
   </marc:datafield>
   <marc:datafield ind1="1" ind2=" " tag="520">
      <marc:subfield code="a">Wenn Minnie und Daisy nicht gerade in ihren flinken Flitzern durch Hotdoghausen düsen, helfen sie ihren Freunden bei lustig-schrägen Jobs. Dabei ist keine Aufgabe zu klein oder zu groß für sie! Mit ihrem überaus praktischen Drehschrank sind die hilfreichen Helfer in Sekundenschnelle bereit für ihr nächstes Abenteuer. Egal, ob sie auf ein Ei aufpassen, das kurz davor ist zu schlüpfen, die perfekte Hawaii-Party für einen Kunden planen oder pünktlich zum Tee Londons berühmten Big Ben reparieren, Minnie und Daisy scheuen keine Mühe, ihre Aufträge mit viel Spaß und Musik zu erfüllen.</marc:subfield>
   </marc:datafield>
   <marc:datafield ind1="3" ind2=" " tag="024">
      <marc:subfield code="a">4251192119155</marc:subfield>
   </marc:datafield>
   <marc:datafield ind1=" " ind2=" " tag="041">
      <marc:subfield code="a">ger</marc:subfield>
   </marc:datafield>
   <marc:datafield ind1=" " ind2=" " tag="300">
      <marc:subfield code="a">circa 59 Minuten</marc:subfield>
   </marc:datafield>
</marc:record>
